书目信息 |
| 题名: |
高新技术产业应对WTO的十大对策
|
|
| 作者: | 易全 著 | |
| 分册: | ||
| 出版信息: | 深圳 海天出版社 2002 |
|
| 页数: | 336页 | |
| 开本: | 20cm | |
| 丛书名: | 深圳高科技与中国未来之路丛书 | |
| 单 册: | ||
| 中图分类: | F743 , F279.244.4 | |
| 科图分类: | ||
| 主题词: | 世界贸易组织--影响--高技术产业--中国 | |
| 电子资源: | ||
| ISBN: | 7-80654-800-9 | |
| 000 | 00999nam0 2200277 450 | |
| 000 | 01030nam0 2200289 450 | |
| 000 | 00963nam0 2200265 450 | |
| 000 | 00926nam 2200253 45 | |
| 005 | 20070530171115.95 | |
| 010 | @a7-80654-800-9@dCNY28.00 | |
| 100 | @a20051101d2002 ekmy0chiy0120 ea | |
| 101 | 0 | @achi |
| 102 | @aCN@b440000 | |
| 105 | @ay z 000yy | |
| 200 | 1 | @a高新技术产业应对WTO的十大对策@AGao Xin Ji Shu Chan Ye Ying Dui WTO De Shi Da Dui Ce@f易全著@FYi Quan Zhu |
| 210 | @a深圳@c海天出版社@d2002 | |
| 215 | @a336页@d20cm | |
| 225 | 2 | @a深圳高科技与中国未来之路丛书 |
| 330 | @a本书介绍了高新技术产业应对WTO的十大对策,即:充分认识“国家创新体系”;加强产业融合巩固高新技术基础;加快国民经济信息化的步伐;运用对外贸易手段参与竞争等。 | |
| 410 | 0 | @12001 @a深圳高科技与中国未来之路丛书 |
| 606 | 0 | @a世界贸易组织@x影响@x高技术产业@y中国 |
| 690 | @aF743@v4 | |
| 690 | @aF279.244.4@v4 | |
| 701 | 0 | @a易全@AYi Quan@4著 |
| 801 | 0 | @aCN@bFYSX@c20070530 |
| 905 | @a10447@dF743@e58 | |
| 高新技术产业应对WTO的十大对策/易全著.-深圳:海天出版社,2002 |
| 336页;20cm.-(深圳高科技与中国未来之路丛书) |
| ISBN 7-80654-800-9:CNY28.00 |
| 本书介绍了高新技术产业应对WTO的十大对策,即:充分认识“国家创新体系”;加强产业融合巩固高新技术基础;加快国民经济信息化的步伐;运用对外贸易手段参与竞争等。 |
| ● |
| 相关链接 |
|
|
|
|
正题名:高新技术产业应对WTO的十大对策
索取号:F743/58
 
预约/预借
| 序号 | 登录号 | 条形码 | 馆藏地/架位号 | 状态 | 备注 |
| 1 | 0510001 | 205100013 | 第一样本阅览室/ [索取号:F743/58] | 在馆 | |
| 2 | 0510002 | 205100022 | 第一借阅区/ [索取号:F743/58] | 在馆 | |
| 3 | 0510003 | 205100031 | 第一借阅区/ [索取号:F743/58] | 在馆 | |
| 4 | 0510004 | 205100040 | 第一借阅区/ [索取号:F743/58] | 在馆 | |
| 5 | 0510005 | 205100059 | 密集书库/ [索取号:F743/58] | 在馆 | |
| 6 | 0510006 | 205100068 | 第一借阅区/ [索取号:F743/58] | 在馆 | |
| 7 | 0510007 | 205100077 | 密集书库/ [索取号:F743/58] | 在馆 | |
| 8 | 0510008 | 205100086 | 密集书库/ [索取号:F743/58] | 在馆 |